| 000 | 01090nam a22002777a 4500 | ||
|---|---|---|---|
| 001 | BD-DhSAU 9278 | ||
| 003 | BD-DhSAU | ||
| 005 | 20260512151905.0 | ||
| 008 | 260512b2018 bg a|||| m||| 00| 0 eng d | ||
| 040 | _aBD-DhSAU | ||
| 082 |
_222 _a631.4 _bF294 |
||
| 100 |
_aSIFAT, FAYJUL KARIM _eRegistration # 22010100 |
||
| 245 |
_aEffects of soil and foliar application of zinc and boron fertilizers on the yield and nutrient concentration of tomato / _bMS thesis |
||
| 260 |
_aSher-e-Bangla Agricultural University; _bDepartment of Soil Science, ; _c2024. |
||
| 300 |
_ax, 76p. : _bill. ; _c30 cm. |
||
| 500 | _aMS thesis of Department of Soil Science, ;, Faculty of Agriculture. Sher-e-Balgla Agricultural University Dhaka-1207 | ||
| 504 | _aIncludes bibliographical reference. | ||
| 590 | _aNazmul | ||
| 650 | _asoil and foliar | ||
| 650 | _azinc and boron fertilizers | ||
| 651 | _anutrient concentration of tomato | ||
| 700 |
_aProf. Dr. Md. Asaduzzaman Khan _eSuperviser |
||
| 710 |
_eCo-Superviser _aProf. Dr. Mst. Sharmin Sultana |
||
| 942 |
_2ddc _cTHESIS |
||
| 999 |
_c18394 _d18393 |
||